Polnoe sobranie sochineniĭ /

Bibliographic Details
Main Author: Kharms, Daniil, 1905-1942
Corporate Author: Gumanitarnoe agentstvo "Akademicheskiĭ proekt."
Other Authors: Sazhin, V. N.
Format: Book
Language:Russian
Published: Sankt-Peterburg : Gumanitarnoe agentstvo "Akademicheskiĭ proekt,", 1997-2002.

MARC

Tag First Indicator Second Indicator Subfields
LEADER 00000cam a2200000 a 4500
001 in00001761885
005 20151025051829.0
008 980828m19972002ru a b 000 0 rusoc
010 |a  98189906  
020 |a 573310032X (t.1) 
020 |a 5733100591 (t.2) 
020 |a 5733100605 (t.3) 
020 |a 5733101512 (t. [4]) 
035 |a (OCoLC)ocm36836623 
040 |a NcBuC  |c NIC  |d DLC  |d IQU  |d WCM  |d OCL  |d TXA  |d UtOrBLW 
042 |a pcc 
049 |a TXAM 
050 4 |a PG3476  |b .K472 1997 
100 1 |a Kharms, Daniil,  |d 1905-1942. 
240 1 0 |a Works.  |f 1997 
245 1 0 |a Polnoe sobranie sochineniĭ /  |c D. Kharms ; [vstupitelʹnai︠a︡ statʹi︠a︡, podgotovka teksta i primechanii︠a︡ V.N. Sazhina]. 
264 1 |a Sankt-Peterburg :  |b Gumanitarnoe agentstvo "Akademicheskiĭ proekt,",  |c 1997-2002. 
300 |a 5 volumes in 6 :  |b illustrations ;  |c 21 cm. 
336 |a text  |b txt  |2 rdacontent 
337 |a unmediated  |b n  |2 rdamedia 
338 |a volume  |b nc  |2 rdacarrier 
500 |a V. 4 unnumbered; information from the National Library of Russia online site. 
504 |a Includes bibliographical references. 
505 0 |a t. 1. Stikhotvorenii︠a︡ -- t. 2. Proza i st︠s︡enki ; Dramaticheskie proizvedenii︠a︡ -- t. 3. Proizvedenii︠a︡ dli︠a︡ deteĭ -- t. [4] Neizdannyĭ Kharms ; Traktaty i statʹi ; Pisʹma ; Dopolnenii︠a︡ k t. 1-3 -- t. [5], kn. 1. Zapisnye knizhki ; Dnevnik -- t. [5], kn. 2. Zapisnye knizhki ; Dnevnik. 
700 1 |a Sazhin, V. N. 
710 2 |a Gumanitarnoe agentstvo "Akademicheskiĭ proekt." 
948 |a cataloged  |b h  |c 2003/5/2  |d c  |e spoltoratski  |f 11:25:13 am 
994 |a E0  |b TXA 
999 |a MARS 
999 f f |s 41c7d8e6-3c65-3339-99bf-0b19a360942b  |i 1d7ba9ad-943d-34ba-8c97-a95e299333d9  |t 0 
952 f f |p ric  |a Texas A&M University  |b Rellis Campus  |c Joint Library Facility  |d Remote Storage  |t 0  |e PG3476 .K472 1997  |h Library of Congress classification  |i unmediated -- volume  |k t.1  |m A14830072563 
998 f f |a PG3476 .K472 1997  |s t.1  |t 0  |l Remote Storage